00636 a2200193 4500010001400000020002300014035001300037037001800050082001100068090001500079100002700094245006000121260003500181300003100216500001900247942002600266999001500292952013500307 aENG-85390 a8188661406c300.00 aEN-68923 bD.B.Act / Pub14a954.31 c2223d22231 aSrinivasan, Rangaswamy1 aThe fall of Arbuthnot and co.cby Rangaswamy Srinivasan aChennaibEast West Booksc2005 axiii, 327 p.c22 cm (Pbk.) aIncludes index adplcENk954.31 / SRI c2183d2183 00102ddc40718NFICaDBADbDBADeDBAD/PUBg300.00l0o954.31 SRIpEN-68923r2008-09-15 00:00:00t1u2316v300.00w2008-09-15yEN